| 000 | 00431cam a22001217a 4500 | ||
|---|---|---|---|
| 008 | 180718b2001 xxu||||| |||| 00| 0 eng d | ||
| 082 | _aA75 R137r | ||
| 245 |
_aRajasthan district gazetteers: Rajsamand _cby Directorate of District Gazetteers, Rajasthan |
||
| 260 |
_aJaipur _bDirectorate of District Gazetteers _c2001 |
||
| 300 | _a320+p. | ||
| 650 | _aRajsamana - Gazetteers | ||
| 700 | _aRajasthan. Directorate of District Gazetteers | ||
| 999 |
_c476921 _d476921 |
||